| 000 | 00651nam a2200253Ia 4500 | ||
|---|---|---|---|
| 003 | OSt | ||
| 005 | 20221005065935.0 | ||
| 006 | a|||||r|||| 00| 0 | ||
| 007 | ta | ||
| 008 | 221004b |||||||| |||| 00| 0 urd d | ||
| 020 | _c25 | ||
| 024 | _a31419 | ||
| 037 | _cTextual | ||
| 040 |
_aCRL _cCRL _burd |
||
| 041 |
_2urd _aurd |
||
| 082 | _aO168,3NNURx, M8 | ||
| 100 | _aNoor Noor Jahan Au. | ||
| 245 | 0 | _aNaqsh-e-awwal | |
| 260 |
_aMumbai _bHuma offic India _c1988 |
||
| 300 |
_a159p. _ccm. |
||
| 650 |
_aURDU FICTION _93298 |
||
| 942 |
_hO168,3NNURx, M8 _cTEXL _2cc |
||
| 999 |
_c975444 _d975444 |
||